02901nam a2200301 a 45000010005000000030008000050050017000130080041000300350044000710400032001150410008001470820029001551000042001842450272002262500012004982600038005103000016005485000124005645000128006885000072008165040019008885051528009076500023024357000040024587000044024987000034025427000023025765383BD-RjUL20211208234045.0160728m19551948enk 000 0 eng d aOCLC 05237035 from nso77a(BD-RjUL)5419 aNAMcNAMdYZAdBD-RjULbeng aeng a348.42022bHAH 1948-1955 aHalsbury, Hardinge Stanley Giffard, 10aHalsbury's statutes of England /cHardinge Stanley Giffard Halsbury, Earl of ; Editor-in-chief Ronald Burrows ; revision by Butterworths Legal Editorial Staff: Chief legal editor J.T. Edgerley ; General editor of Halsbury's Statutes M. I. Mail ; Editor : A. D. Yonge a2nd ed. aLondon :bButterworth,c1948-1955 aV. ;c26 cm aKept up to date by continuation volumes, revised volumes, cumlative supplements, and interim service in loose-leaf form aEditor-in-chief for vols. 1-27: Roland Burrows. Vols. 28- (continuation vols) edited by Butterworths' legal editorial staff aEarlier ed. published under title: The complete statutes of England aIncludes index0 aVol. 1, (Action--Animals) -- v. 2, (Arbitration--Charities) -- v. 3, (Choses in action--Conflict of Laws) -- v. 4, (Constitutional Law--Coroners) -- v. 5, (County Courts--Criminal Law) -- v. 6, (Crown Proceedings and Crown Practice--Easements and Profits a Prendre) -- v. 7, (Ecclesiastical law) -- v. 8, (Education--Electricity) -- v. 10, (Fire Services--Guarantee) -- v. 11, (Highways, Streets and Bridges--Husband and Wife) --v. 12, (Income Tax and Profits Taxes --Inns and Innkeepers)-- v. 13, (Insurance--Limitation of Actions) -- v.14, (Literary and Scientific Institutions--Markets and Fairs)-- v. 15 (Master and Servant--Metropolis) -- v. 16, (Mines, Minerals and Quarries--National Insurance and Social Security)-- v. 17, (Negligence--Pleading) -- v. 18, (Police--Public Authorities and Public Officers) -- v. 19, (Public Health and Local Administration--Railways and Canals) -- v. 20, (Rates and Rating--Rentcharges and Annuities) -- v. 21, Revenue -- v. 22, (Royal Forces--Set off and Counterclaim) --v. 23, (Settlements--Shipping and Navigation) -- v. 24, (Solicitors--Telegraphs and Telephones) -- v. 25, (Theatres and Other Places of Entertainment--Trover) -- v. 26, (Trusts and Trustees--Wills) -- v. 27, (List of Statutes--General Index) -- v. 28, (Continuation Volume, 1948-1949) -- v. 29 (Continuation Volume, 1950) -- v. 30 (Continuation Volume, 1951) -- v. 31, (The Income Tax Act, 1952) -- v. 32, (Continuation Volume, 1952) -- v. 33, (Continuation Volume, 1953) -- v. 34, ((Continuation Volume, 1954) aLawzGreat Britain aBurrows, Ronald, Editor-in-chief  aEdgerley, J.T. , Chief legal editor  aMail, M. I. , General editor  aYonge, A. D., ed.